<?xml version="1.0" encoding="UTF-8"?><?xml-stylesheet type="text/xsl" href="static/style.xsl"?><OAI-PMH xmlns="http://www.openarchives.org/OAI/2.0/" xmlns:xsi="http://www.w3.org/2001/XMLSchema-instance" xsi:schemaLocation="http://www.openarchives.org/OAI/2.0/ http://www.openarchives.org/OAI/2.0/OAI-PMH.xsd"><responseDate>2026-04-26T23:41:57Z</responseDate><request verb="GetRecord" identifier="oai:uvadoc.uva.es:10324/43751" metadataPrefix="marc">https://uvadoc.uva.es/oai/request</request><GetRecord><record><header><identifier>oai:uvadoc.uva.es:10324/43751</identifier><datestamp>2021-09-23T10:57:09Z</datestamp><setSpec>com_10324_150</setSpec><setSpec>col_10324_696</setSpec></header><metadata><record xmlns="http://www.loc.gov/MARC21/slim" xmlns:doc="http://www.lyncode.com/xoai" xmlns:xsi="http://www.w3.org/2001/XMLSchema-instance" xmlns:dcterms="http://purl.org/dc/terms/" xsi:schemaLocation="http://www.loc.gov/MARC21/slim http://www.loc.gov/standards/marcxml/schema/MARC21slim.xsd">
<leader>00925njm 22002777a 4500</leader>
<datafield tag="042" ind1=" " ind2=" ">
<subfield code="a">dc</subfield>
</datafield>
<datafield tag="720" ind1=" " ind2=" ">
<subfield code="a">España</subfield>
<subfield code="e">author</subfield>
</datafield>
<datafield tag="260" ind1=" " ind2=" ">
<subfield code="c">1566</subfield>
</datafield>
<datafield tag="024" ind2=" " ind1="8">
<subfield code="a">Gil Ayuso, 271</subfield>
</datafield>
<datafield tag="024" ind2=" " ind1="8">
<subfield code="a">Pérez Pastor, 6</subfield>
</datafield>
<datafield tag="024" ind2=" " ind1="8">
<subfield code="a">http://uvadoc.uva.es/handle/10324/43751</subfield>
</datafield>
<datafield tag="024" ind2=" " ind1="8">
<subfield code="a">U/Bc 12437(27)</subfield>
</datafield>
<datafield ind1=" " ind2=" " tag="653">
<subfield code="a">Pastos - Derecho - España - Legislación - Siglo XVI</subfield>
</datafield>
<datafield tag="245" ind1="0" ind2="0">
<subfield code="a">Provision de su Magestad sobre la conservación de las possesiones en las yerbas destos Reynos, para que los dueños de ganados que se dizen riberiegos, que trasuman terminos, no quiten las possesiones ni arrendamientos a los hermanos de mesta, ni los hermanos les quiten a ellos los arrendamientos que tuuieren hechos en las dichas yerbas</subfield>
</datafield>
</record></metadata></record></GetRecord></OAI-PMH>